[Event "C.to Italiano Semifinale"]
[Site "Limone Piemonte ITA"]
[Date "2001.06.27"]
[Round "4"]
[White "Stroppa, Daniel"]
[Black "Astengo, Marcello"]
[Result "1-0"]
[WhiteElo "2161"]
[BlackElo "2024"]
[PlyCount "79"]
[EventDate "2001.06.24"]

1. d4 d5 2. Nf3 c5 3. dxc5 e6 4. e4 Nf6 5. Nc3 Qa5 6. Bd2 Qxc5 7. Be3 Qa5 8.
Bd2 Qc5 9. exd5 Nxd5 10. Ne4 Qc7 11. c4 Nf4 12. Bc3 Nc6 13. g3 Ng6 14. c5 f6
15. Bg2 e5 16. O-O Be6 17. b4 Bc4 18. Re1 Be7 19. Nd6+ Bxd6 20. cxd6 Qb6 21.
Nd2 Be6 22. Ne4 O-O 23. Nc5 Nd8 24. Nxe6 Nxe6 25. Qd5 Rfe8 26. Rad1 Ngf8 27.
Qxb7 Qxb7 28. Bxb7 Rab8 29. Bc6 Red8 30. b5 Nd7 31. Ba5 Nb6 32. d7 Kf7 33. Bb4
Nd4 34. Bd6 Nxd7 35. Bxb8 Nxb8 36. Kg2 a6 37. a4 Ndxc6 38. bxc6 Nxc6 39. Rxd8
Nxd8 40. Rb1 1-0

[Event "C.to Italiano Semifinale"]
[Site "Limone Piemonte ITA"]
[Date "2001.06.27"]
[Round "4"]
[White "Ubezio, Marco"]
[Black "Petruccioli, Antonio"]
[Result "1-0"]
[WhiteElo "2193"]
[BlackElo "2097"]
[PlyCount "59"]
[EventDate "2001.06.24"]

1. d4 d5 2. Bg5 h6 3. Bh4 g5 4. Bg3 Bg7 5. e3 Nf6 6. Bd3 Nc6 7. c4 Ne4 8. cxd5
Nxg3 9. hxg3 Qxd5 10. Nc3 Qd7 11. a3 e5 12. d5 Ne7 13. Rc1 a6 14. Bc4 b5 15.
Ba2 Bb7 16. Qf3 g4 17. Qd1 f5 18. e4 O-O-O 19. exf5 Qxf5 20. Bb1 Qd7 21. Be4 h5
22. Qc2 Kb8 23. Nge2 Bh6 24. Rd1 Bg5 25. Nc1 Bxd5 26. Nxd5 Nxd5 27. Rxd5 Qe7
28. Qc6 Rd6 29. Rxb5+ Kc8 30. Rb8+ 1-0

[Event "C.to Italiano Semifinale"]
[Site "Limone Piemonte ITA"]
[Date "2001.06.27"]
[Round "4"]
[White "Vezzosi, Paolo"]
[Black "Vismara, Daniele"]
[Result "1/2-1/2"]
[WhiteElo "2423"]
[BlackElo "2231"]
[PlyCount "64"]
[EventDate "2001.06.24"]

1. d4 d5 2. c4 c6 3. e3 Nf6 4. Nf3 Bf5 5. Nc3 e6 6. Bd3 Bxd3 7. Qxd3 Nbd7 8.
O-O Be7 9. Bd2 O-O 10. Rad1 Rc8 11. e4 dxc4 12. Qxc4 b5 13. Qe2 b4 14. Nb1 c5
15. dxc5 Bxc5 16. a3 bxa3 17. Nxa3 Qb6 18. Bg5 h6 19. Bxf6 Nxf6 20. Rd3 Ng4 21.
g3 f5 22. exf5 exf5 23. Rc3 Rfe8 24. Qc2 Bxf2+ 25. Rxf2 Rxc3 26. bxc3 Nxf2 27.
Qxf2 Qb3 28. Nc2 Qxc3 29. Nfd4 g6 30. Qf4 Qd3 31. Qxh6 Qd1+ 32. Kf2 Qg4 1/2-1/2

[Event "C.to Italiano Semifinale"]
[Site "Limone Piemonte ITA"]
[Date "2001.06.27"]
[Round "4"]
[White "Vozza, Nicola"]
[Black "Scalcione, Michelangelo"]
[Result "0-1"]
[WhiteElo "1666"]
[BlackElo "2177"]
[PlyCount "60"]
[EventDate "2001.06.24"]

1. d4 Nf6 2. Bg5 c5 3. d5 Qb6 4. Bc1 g6 5. f3 Bg7 6. e4 d6 7. Na3 Qc7 8. Nb5
Qd8 9. a4 O-O 10. Qd3 a6 11. Nc3 e6 12. Bg5 Qa5 13. Bd2 Qc7 14. Bf4 exd5 15.
exd5 Re8+ 16. Kf2 Bf5 17. Qd2 Nh5 18. Bd3 Bd4+ 19. Kf1 Bxd3+ 20. cxd3 Nxf4 21.
Qxf4 f5 22. Nh3 Qe7 23. Qd2 Nd7 24. Re1 Qh4 25. Re6 Nf8 26. Rxd6 Re3 27. Nf2
Rae8 28. g3 Qe7 29. Nce4 fxe4 30. Nxe4 Rxe4 0-1

[Event "C.to Italiano Semifinale"]
[Site "Limone Piemonte ITA"]
[Date "2001.06.28"]
[Round "5"]
[White "Astengo, Corrado"]
[Black "Vezzosi, Paolo"]
[Result "0-1"]
[WhiteElo "2115"]
[BlackElo "2423"]
[PlyCount "74"]
[EventDate "2001.06.24"]

1. e4 g6 2. d4 Bg7 3. Nc3 c6 4. Bc4 b5 5. Bb3 b4 6. Nce2 d5 7. exd5 cxd5 8. Nf4
Nf6 9. Qf3 Bb7 10. a3 bxa3 11. Rxa3 O-O 12. Nge2 Na6 13. O-O Nc7 14. Bd2 Qd6
15. Nd3 Ne6 16. Rfa1 Ne4 17. Bb4 Qb6 18. Bxe7 Rfe8 19. Bc5 N6xc5 20. dxc5 Nxc5
21. Bxd5 Bxd5 22. Qxd5 Rad8 23. Qf3 Nxd3 24. Rxd3 Qxb2 25. Rad1 Rxd3 26. Qxd3
a5 27. Ng3 Rc8 28. Rd2 a4 29. Qa6 Qa1+ 30. Nf1 Re8 31. g3 a3 32. c4 Bc3 33. Rc2
Re1 34. c5 a2 35. Rxc3 Rxf1+ 36. Kg2 Rg1+ 37. Kh3 Qxc3 0-1

[Event "C.to Italiano Semifinale"]
[Site "Limone Piemonte ITA"]
[Date "2001.06.28"]
[Round "5"]
[White "Astengo, Marcello"]
[Black "Iotti, Pierluigi"]
[Result "0-1"]
[WhiteElo "2024"]
[BlackElo "2318"]
[PlyCount "94"]
[EventDate "2001.06.24"]

1. d4 Nf6 2. Nf3 b6 3. Bf4 Bb7 4. e3 e6 5. Bd3 Be7 6. O-O O-O 7. Nbd2 c5 8. c3
d6 9. Qe2 Nh5 10. Bg3 Nxg3 11. fxg3 Nd7 12. Rad1 Qc7 13. Bb1 d5 14. Nh4 f5 15.
Nhf3 c4 16. Qf2 b5 17. Bc2 a5 18. Rc1 b4 19. Nb1 Qb6 20. Ba4 Bc6 21. Bxc6 Qxc6
22. b3 Rfc8 23. Nfd2 cxb3 24. Nxb3 Qa6 25. g4 Rf8 26. Qg3 a4 27. N3d2 b3 28. a3
Bd6 29. Qh3 Qd3 30. gxf5 Rxf5 31. Rxf5 Qxf5 32. Qxf5 exf5 33. c4 dxc4 34. Rxc4
Kf7 35. Rc6 Be7 36. Nc4 Ke8 37. Nc3 Rb8 38. Nxa4 Ra8 39. Nc5 Nxc5 40. dxc5 Ra4
41. Rc8+ Kf7 42. Nd2 Rxa3 43. c6 Ra1+ 44. Kf2 Ra2 45. Ke1 Bb4 46. Rb8 Bxd2+ 47.
Kd1 Ba5 0-1

[Event "C.to Italiano Semifinale"]
[Site "Limone Piemonte ITA"]
[Date "2001.06.28"]
[Round "5"]
[White "Basciu, Simone"]
[Black "Vozza, Nicola"]
[Result "1-0"]
[WhiteElo "2157"]
[BlackElo "1666"]
[PlyCount "65"]
[EventDate "2001.06.24"]

1. d4 d5 2. Nf3 e6 3. c4 f5 4. g3 Nf6 5. Bg2 c6 6. O-O Bd6 7. Nbd2 O-O 8. b3
Nbd7 9. Bb2 Ne4 10. Qc2 Qf6 11. Rad1 g5 12. Qc1 f4 13. Nxe4 dxe4 14. Nd2 Qh6
15. Nxe4 Bc7 16. Ba3 Rf7 17. Nd6 Bxd6 18. Bxd6 e5 19. dxe5 Nf8 20. Bxf8 Rxf8
21. Rd6 Qh5 22. Rfd1 Bh3 23. Bxh3 Qxh3 24. Qc3 g4 25. Rf6 Rad8 26. Rxf8+ Rxf8
27. Rd3 Qh5 28. gxf4 Qf5 29. e3 c5 30. Rd1 Re8 31. Qd3 Qh5 32. Qd5+ Kh8 33. e6
1-0

[Event "C.to Italiano Semifinale"]
[Site "Limone Piemonte ITA"]
[Date "2001.06.28"]
[Round "5"]
[White "Brignone, Roberto"]
[Black "Capece, Adolivio"]
[Result "1/2-1/2"]
[WhiteElo "2171"]
[BlackElo "2075"]
[PlyCount "42"]
[EventDate "2001.06.24"]

1. e4 c5 2. Nf3 Nc6 3. d4 cxd4 4. Nxd4 g6 5. c4 Bg7 6. Be3 Nf6 7. Nc3 Ng4 8.
Qxg4 Nxd4 9. Qd1 e5 10. Bd3 O-O 11. O-O d6 12. Qd2 Be6 13. Rad1 Rc8 14. b3 Qa5
15. Bxd4 exd4 16. Nb5 Qb6 17. Bb1 d5 18. exd5 Bxd5 19. Nxd4 Bxc4 20. bxc4 Rcd8
21. Qc2 Bxd4 1/2-1/2

[Event "C.to Italiano Semifinale"]
[Site "Limone Piemonte ITA"]
[Date "2001.06.28"]
[Round "5"]
[White "Farina, Saverio"]
[Black "Casarosa, Michele"]
[Result "1/2-1/2"]
[WhiteElo "2148"]
[BlackElo "1732"]
[PlyCount "79"]
[EventDate "2001.06.24"]

1. d4 g6 2. c4 Bg7 3. Nc3 Nf6 4. e4 d6 5. Nge2 O-O 6. Ng3 e5 7. d5 Ng4 8. h4 f5
9. exf5 gxf5 10. Nh5 Bh6 11. Bxh6 Nxh6 12. Be2 c5 13. Qd2 Nf7 14. O-O-O Nd7 15.
g4 Nf6 16. Nxf6+ Qxf6 17. g5 Qe7 18. Rdg1 Kg7 19. h5 Rg8 20. g6 Nh6 21. Qg5
Qxg5+ 22. Rxg5 Bd7 23. Rhg1 Raf8 24. Bd1 a6 25. Be2 Be8 26. gxh7+ Kxh7 27. Bd3
Rxg5 28. Rxg5 e4 29. Be2 Rg8 30. Rxg8 Nxg8 31. Kd2 Kh6 32. Ke3 Kg5 33. f3 exf3
34. Bxf3 Bxh5 35. Bxh5 Kxh5 36. Kf4 Kg6 37. Ne2 Kf6 38. Ng3 Ne7 39. Nh5+ Kg6
40. Ng3 1/2-1/2

[Event "C.to Italiano Semifinale"]
[Site "Limone Piemonte ITA"]
[Date "2001.06.28"]
[Round "5"]
[White "Manzardo, Bruno"]
[Black "Parrella, Alfredo"]
[Result "1-0"]
[WhiteElo "2005"]
[BlackElo "2174"]
[PlyCount "173"]
[EventDate "2001.06.24"]

1. f4 Nf6 2. Nf3 g6 3. e3 Bg7 4. Be2 O-O 5. O-O d5 6. d4 c5 7. c3 Qc7 8. Ne5
Bf5 9. Nd2 Ne4 10. Qe1 Nc6 11. Qh4 Bf6 12. Qh6 Bg7 13. Qh4 Rae8 14. g4 Nxd2 15.
Bxd2 Be4 16. Bf3 f6 17. Bxe4 dxe4 18. Nxc6 Qxc6 19. f5 e6 20. Qf2 c4 21. Qg2
Kf7 22. fxe6+ Rxe6 23. g5 f5 24. Be1 Qd5 25. Bg3 h5 26. h4 Rc8 27. Bf4 Ra6 28.
Qc2 Rac6 29. Rac1 Kg8 30. Qd2 Ra6 31. a3 Rb6 32. Rc2 Rb3 33. Qh2 Rb6 34. Bc7
Rc6 35. Bf4 Kh7 36. Rff2 Rd8 37. Rfd2 Rd7 38. Bb8 Ra6 39. Be5 Bf8 40. Bf6 Bd6
41. Be5 Be7 42. Bb8 Ra5 43. Bc7 b6 44. Be5 Qc6 45. Rf2 Kg8 46. Qg2 Rb5 47. Qf1
Qd5 48. Qe2 Bd6 49. Bf4 Rb3 50. Qf1 Be7 51. Be5 Qe6 52. Rfd2 Qd5 53. Rf2 Bd6
54. Rfd2 Kf8 55. Bf4 Ke8 56. Qf2 Kd8 57. Qh2 Kc7 58. Kf2 Kc6 59. Bxd6 Qxd6 60.
Qe5 Rb5 61. Qg3 Qxg3+ 62. Kxg3 Rb3 63. Rh2 Rd5 64. Kf4 Ra5 65. Rhd2 Kd5 66. Kg3
b5 67. Kf2 Ra4 68. Rd1 a5 69. Rdc1 Kd6 70. Ke2 Ke6 71. Kf2 f4 72. exf4 Kf5 73.
Ke3 b4 74. d5 bxa3 75. bxa3 Rb6 76. Kd4 Rxa3 77. Re1 Kxf4 78. Rxe4+ Kg3 79.
Rce2 Ra1 80. Kc5 Rb8 81. R2e3+ Kg2 82. d6 Rd1 83. Kc6 Rd8 84. Rd4 Rxd4 85. cxd4
Kf2 86. Rc3 Ra8 87. Kc7 1-0

[Event "C.to Italiano Semifinale"]
[Site "Limone Piemonte ITA"]
[Date "2001.06.28"]
[Round "5"]
[White "Martorelli, Antonio"]
[Black "Buchicchio, Giampaolo"]
[Result "1-0"]
[WhiteElo "2315"]
[BlackElo "2191"]
[PlyCount "69"]
[EventDate "2001.06.24"]

1. e4 c5 2. Nf3 Nc6 3. d4 cxd4 4. Nxd4 Nf6 5. Nc3 e5 6. Ndb5 d6 7. Bg5 a6 8.
Bxf6 gxf6 9. Na3 b5 10. Nd5 f5 11. c3 Bg7 12. g3 fxe4 13. Bg2 O-O 14. Bxe4 Be6
15. O-O Rc8 16. Nc2 f5 17. Bg2 Ne7 18. a4 e4 19. Nce3 Nxd5 20. Nxd5 Rc5 21. Nf4
Bf7 22. axb5 axb5 23. f3 d5 24. Bh3 d4 25. b4 Rxc3 26. fxe4 fxe4 27. Ne6 Bxe6
28. Bxe6+ Kh8 29. Rxf8+ Bxf8 30. Qg4 Bxb4 31. Ra7 Qf8 32. Rxh7+ Kxh7 33. Bf5+
Kh8 34. Qh5+ Kg8 35. Qh7# 1-0

[Event "C.to Italiano Semifinale"]
[Site "Limone Piemonte ITA"]
[Date "2001.06.28"]
[Round "5"]
[White "Modena, Giorgio"]
[Black "Artizzu, Giulio"]
[Result "0-1"]
[WhiteElo "1765"]
[BlackElo "2098"]
[PlyCount "64"]
[EventDate "2001.06.24"]

1. e4 c5 2. Nf3 d6 3. d4 cxd4 4. Nxd4 Nf6 5. Nc3 a6 6. Bg5 e6 7. f4 Be7 8. Qf3
Qc7 9. O-O-O b5 10. Bxf6 gxf6 11. Bd3 b4 12. Nce2 Nd7 13. e5 Bb7 14. Qh5 Bd5
15. exd6 Bxd6 16. f5 e5 17. Ne6 Qa5 18. Be4 Bxe4 19. Rxd6 Qa4 20. Kd2 Rc8 21.
Ke3 Bxc2 22. Rc1 Ke7 23. Rd2 b3 24. axb3 Qxb3+ 25. Kf2 Qb6+ 26. Kf1 Ba4 27.
Rxc8 Rxc8 28. Nc3 Rxc3 29. Rxd7+ Bxd7 30. bxc3 Bb5+ 31. Ke1 Qe3+ 32. Kd1 Ba4#
0-1

[Event "C.to Italiano Semifinale"]
[Site "Limone Piemonte ITA"]
[Date "2001.06.28"]
[Round "5"]
[White "Opacic, Alexandar"]
[Black "Costantini, Roberto"]
[Result "0-1"]
[WhiteElo "1921"]
[BlackElo "2268"]
[PlyCount "60"]
[EventDate "2001.06.24"]

1. e4 c5 2. Nf3 d6 3. d4 cxd4 4. Nxd4 Nf6 5. Nc3 a6 6. Bg5 e6 7. f4 Nc6 8. Nb3
Be7 9. Qf3 h6 10. Bh4 g5 11. Bf2 gxf4 12. Qxf4 Ne5 13. Be2 Bd7 14. h3 Qc7 15.
Bh4 Ng6 16. Qf2 Nxe4 17. Nxe4 Bxh4 18. g3 Bc6 19. Bf3 d5 20. gxh4 dxe4 21. Bh5
e3 22. Qh2 Qxh2 23. Rxh2 Nf4 24. Be2 O-O-O 25. Na5 Rhg8 26. Nxc6 Rg1+ 27. Bf1
bxc6 28. Re2 Nxe2 29. Kxe2 Rg3 30. Ke1 Kc7 0-1

[Event "C.to Italiano Semifinale"]
[Site "Limone Piemonte ITA"]
[Date "2001.06.28"]
[Round "5"]
[White "Petruccioli, Antonio"]
[Black "Camerini, Lorenzo"]
[Result "1-0"]
[WhiteElo "2097"]
[BlackElo "1834"]
[PlyCount "131"]
[EventDate "2001.06.24"]

1. c4 e6 2. e4 c5 3. Nc3 d6 4. Nf3 Nf6 5. d4 cxd4 6. Nxd4 b6 7. Bg5 Be7 8. Qd2
Bb7 9. f3 a6 10. O-O-O Nbd7 11. h4 O-O 12. h5 Rc8 13. h6 g6 14. Nc2 Qc7 15. Be3
Ne5 16. Kb1 Nxc4 17. Bxc4 Qxc4 18. Bxb6 Rb8 19. Ba7 Rbc8 20. g4 Qc7 21. Bf2 Nd7
22. Bh4 f6 23. f4 Nc5 24. Rhe1 Bc6 25. Nd4 Qb7 26. Nxc6 Rxc6 27. f5 Rfc8 28.
fxg6 hxg6 29. Bf2 Kh7 30. Bxc5 Rxc5 31. Re3 a5 32. a4 Bf8 33. Nb5 Qb6 34. Rc3
Rxc3 35. bxc3 Rd8 36. g5 Qc6 37. Qe3 Qc4 38. Qa7+ Kh8 39. Qf7 Qxe4+ 40. Kc1
Qe3+ 41. Rd2 Qxg5 42. Kc2 Bxh6 43. Rd1 Qf4 44. Kb3 d5 45. Rh1 Rg8 46. Qxe6 Qc4+
47. Ka3 Qc5+ 48. Kb2 Qf2+ 49. Kb3 Qf4 50. Qxd5 Kh7 51. Nd6 Rb8+ 52. Ka3 Rd8 53.
Qf7+ Kh8 54. Rxh6+ Qxh6 55. Qxf6+ Kh7 56. Qxd8 Qc1+ 57. Kb3 Qb1+ 58. Kc4 Qa2+
59. Kc5 Qa3+ 60. Kb5 Qb3+ 61. Ka6 Qxa4 62. Qe7+ Kh6 63. Nf7+ Kg7 64. Ne5+ Kh6
65. Qf8+ Kh5 66. Qf6 {...} 1-0

[Event "C.to Italiano Semifinale"]
[Site "Limone Piemonte ITA"]
[Date "2001.06.28"]
[Round "5"]
[White "Rettore, Ludwig"]
[Black "Ausmins, Elmar"]
[Result "0-1"]
[WhiteElo "2134"]
[BlackElo "2365"]
[PlyCount "72"]
[EventDate "2001.06.24"]

1. e4 d6 2. d4 Nf6 3. Nc3 g6 4. Nf3 Bg7 5. Be3 O-O 6. Qd2 Ng4 7. Bg5 c5 8. dxc5
h6 9. Be3 Nxe3 10. Qxe3 dxc5 11. Qxc5 Bg4 12. Rd1 Nd7 13. Qe3 Qa5 14. h3 Be6
15. Be2 Qb4 16. O-O Qxb2 17. Nb5 Rac8 18. Nfd4 Bxa2 19. Nf5 gxf5 20. Rxd7 Rxc2
21. Bd3 Bc4 22. Bxc2 Bxf1 23. Nd4 f4 24. Qd2 Rc8 25. e5 Qa1 26. Nb3 Qa6 27.
Rd8+ Rxd8 28. Qxd8+ Bf8 29. Qd1 Be2 30. Qd4 Qc4 31. Qb2 Bd3 32. Bd1 b6 33. Nd2
Qc5 34. Nf3 a5 35. Qd2 Qc4 36. e6 f6 0-1

[Event "C.to Italiano Semifinale"]
[Site "Limone Piemonte ITA"]
[Date "2001.06.28"]
[Round "5"]
[White "Rossato, Armando"]
[Black "Laco, Giuseppe"]
[Result "1-0"]
[WhiteElo "2203"]
[BlackElo "2186"]
[PlyCount "123"]
[EventDate "2001.06.24"]

1. d4 b6 2. e4 g6 3. Nc3 Bg7 4. Be3 Bb7 5. Qd2 h6 6. f3 c6 7. Nge2 d6 8. O-O-O
b5 9. Nf4 a6 10. Qf2 Nd7 11. e5 dxe5 12. dxe5 Bxe5 13. Nd3 Bg7 14. Nc5 Bc8 15.
Rd3 Qc7 16. Be2 Ngf6 17. Rhd1 O-O 18. g4 Nxc5 19. Bxc5 Nd5 20. Nxd5 cxd5 21. f4
Bb7 22. Bd4 e5 23. Rc3 Qb8 24. fxe5 Bxe5 25. Rf1 Bxd4 26. Qxd4 Qxh2 27. Bd3
Rae8 28. a3 Qh4 29. Kb1 Re1+ 30. Rxe1 Qxe1+ 31. Ka2 Rc8 32. Rb3 Qe6 33. Bf5 Rc4
34. Qg1 Qf6 35. Bd3 Rf4 36. Qa7 Bc6 37. Qxa6 d4 38. Qc8+ Kg7 39. Bc4 g5 40. a4
d3 41. cxd3 Bd7 42. Qxd7 bxc4 43. dxc4 Rxc4 44. a5 Qf4 45. Qb5 Qd4 46. a6 Ra4+
47. Ra3 Rb4 48. Qe2 Qa7 49. Qe3 Rb6 50. b4 f6 51. b5 Qf7+ 52. Qb3 Qa7 53. Qd5
Rb8 54. Rd3 Kh8 55. Qd6 Qf7+ 56. Ka3 Re8 57. b6 Re2 58. Qd8+ Re8 59. Qd6 Re2
60. Rb3 Qc4 61. Qd8+ Kg7 62. Qc7+ 1-0

[Event "C.to Italiano Semifinale"]
[Site "Limone Piemonte ITA"]
[Date "2001.06.28"]
[Round "5"]
[White "Scarenzio, Renato"]
[Black "Barlocco, Carlo"]
[Result "1-0"]
[WhiteElo "2107"]
[BlackElo "2159"]
[PlyCount "107"]
[EventDate "2001.06.24"]

1. d4 d5 2. c4 Bf5 3. Nf3 e6 4. Qb3 Nc6 5. Bg5 Nxd4 6. Nxd4 Qxg5 7. Nc3 O-O-O
8. Nf3 Qh6 9. cxd5 exd5 10. e3 Qb6 11. Qxb6 axb6 12. O-O-O Nf6 13. Bd3 Bxd3 14.
Rxd3 Bb4 15. Ne5 Bxc3 16. Rxc3 Rhf8 17. Rd1 Ne4 18. Ra3 c6 19. f3 Nd6 20. Rc3
Rfe8 21. Rxd5 Kb8 22. Nxc6+ bxc6 23. Rxc6 Nc8 24. Rxd8 Rxd8 25. Kc2 Kb7 26. Rc4
Nd6 27. Rh4 h6 28. Rd4 Kc6 29. e4 Ra8 30. e5 Nb5 31. Rg4 Rg8 32. a4 Nc7 33. Rf4
Rf8 34. Rc4+ Kd7 35. f4 Nd5 36. Kd3 f5 37. g3 g5 38. h4 gxf4 39. gxf4 Rc8 40.
e6+ Kd8 41. Rd4 Rc5 42. b4 Rc3+ 43. Kd2 Ke7 44. Rxd5 Rc4 45. Rb5 Kxe6 46. Rxb6+
Kd5 47. Rb5+ Ke4 48. a5 Rd4+ 49. Ke2 Rc4 50. a6 Rc8 51. Ra5 Kxf4 52. b5 Kg3 53.
a7 Re8+ 54. Kf1 1-0

[Event "C.to Italiano Semifinale"]
[Site "Limone Piemonte ITA"]
[Date "2001.06.28"]
[Round "5"]
[White "Scuderi, David"]
[Black "Miatello, Alberto"]
[Result "0-1"]
[WhiteElo "1702"]
[BlackElo "1869"]
[PlyCount "92"]
[EventDate "2001.06.24"]

1. e4 c5 2. f4 g6 3. Nf3 Bg7 4. Nc3 Nc6 5. d3 d6 6. Be2 Bg4 7. O-O e6 8. Be3
Nge7 9. a3 O-O 10. Qd2 Bxf3 11. Bxf3 Nd4 12. Qf2 Qa5 13. Rab1 Rab8 14. e5 dxe5
15. fxe5 Bxe5 16. Ne4 Nef5 17. c3 Nxe3 18. Qxe3 Nxf3+ 19. Rxf3 Qc7 20. Rh3 b6
21. Qh6 f6 22. Rf1 Rb7 23. Ng5 Qe7 24. Nf3 Qd6 25. Nxe5 Qxe5 26. Re3 Qd5 27. h4
Rg7 28. Rf2 e5 29. Rg3 f5 30. h5 Rf6 31. Qg5 Kf7 32. Re3 Re6 33. Rg3 e4 34.
dxe4 Rxe4 35. Rxf5+ Qxf5 36. Rf3 Qxf3 37. gxf3 gxh5 38. Qxg7+ Kxg7 39. fxe4 Kf6
40. Kg2 Ke5 41. Kf3 h4 42. b4 c4 43. a4 h3 44. a5 bxa5 45. bxa5 h2 46. Kg2 Kxe4
0-1

[Event "C.to Italiano Semifinale"]
[Site "Limone Piemonte ITA"]
[Date "2001.06.28"]
[Round "5"]
[White "Tatai, Stefano"]
[Black "Piscopo, Pierluigi"]
[Result "1-0"]
[WhiteElo "2352"]
[BlackElo "2212"]
[PlyCount "113"]
[EventDate "2001.06.24"]

1. e4 c5 2. Nf3 e6 3. d4 cxd4 4. Nxd4 Nc6 5. Nc3 Nf6 6. Nxc6 bxc6 7. Bd3 d5 8.
O-O Be7 9. Qe2 O-O 10. Bd2 Bb7 11. Rfe1 c5 12. exd5 Nxd5 13. Nxd5 Qxd5 14. Be4
Qxe4 15. Qxe4 Bxe4 16. Rxe4 Bf6 17. c3 Rab8 18. b3 Rfd8 19. Be1 Rd5 20. Kf1
Rbd8 21. Ke2 Kf8 22. Rc1 R8d7 23. Rc2 Bg5 24. f4 f5 25. Rc4 Be7 26. Rd2 Bd6 27.
g3 h6 28. Ra4 g5 29. c4 Rxd2+ 30. Bxd2 gxf4 31. Bxf4 Bxf4 32. gxf4 Ke7 33. Ra6
Rc7 34. Ke3 Kd7 35. Kd3 Ke7 36. Ra5 Rd7+ 37. Kc3 Rd4 38. Rxa7+ Kd6 39. Ra6+ Kd7
40. Ra5 Kd6 41. Rxc5 Rxf4 42. Ra5 Rh4 43. Ra6+ Kd7 44. b4 e5 45. c5 Rh3+ 46.
Kc4 f4 47. Kd5 Rxh2 48. Ra7+ Ke8 49. Ke6 Kd8 50. Kxe5 f3 51. Rf7 Rxa2 52. Rxf3
Kc7 53. b5 Re2+ 54. Kd4 Re7 55. Ra3 Kb7 56. b6 Kb8 57. c6 1-0

[Event "C.to Italiano Semifinale"]
[Site "Limone Piemonte ITA"]
[Date "2001.06.28"]
[Round "5"]
[White "Ubezio, Marco"]
[Black "Stroppa, Daniel"]
[Result "0-1"]
[WhiteElo "2193"]
[BlackElo "2161"]
[PlyCount "110"]
[EventDate "2001.06.24"]

1. d4 g6 2. e4 Bg7 3. c3 d6 4. Bc4 c6 5. Nd2 Nf6 6. Bb3 b6 7. Ngf3 Ba6 8. Ng5
O-O 9. h4 h6 10. Ngf3 Nbd7 11. e5 dxe5 12. dxe5 Nc5 13. Bc4 Bxc4 14. Nxc4 Qxd1+
15. Kxd1 Ng4 16. Ke2 Rfd8 17. Nd4 Rac8 18. h5 b5 19. Na5 Nxe5 20. hxg6 Nxg6 21.
Naxc6 Rd7 22. Nb4 Bxd4 23. cxd4 Rxd4 24. Nc2 Re4+ 25. Ne3 Re6 26. Bd2 Ne4 27.
Rac1 Rd8 28. Ba5 Rd7 29. Rc8+ Kh7 30. g3 Ne5 31. Rh5 Nc4 32. Rxb5 Ned6 33. Rxc4
Nxc4 34. Bc3 Kg6 35. a4 Rc7 36. Kf3 Nxe3 37. fxe3 Rd7 38. Rb8 f6 39. Rg8+ Kh7
40. Ra8 Kg7 41. Bd4 Ra6 42. b3 e5 43. Bc5 Rb7 44. Rc8 Rxb3 45. Ke4 Rb1 46. Rc7+
Kg6 47. g4 Rxa4+ 48. Kf3 Rc1 49. Rxa7 Rxa7 50. Bxa7 Rc6 51. e4 Rc3+ 52. Be3 h5
53. gxh5+ Kxh5 54. Ke2 Rxe3+ 55. Kxe3 Kg4 0-1

[Event "C.to Italiano Semifinale"]
[Site "Limone Piemonte ITA"]
[Date "2001.06.28"]
[Round "5"]
[White "Vismara, Daniele"]
[Black "Scalcione, Michelangelo"]
[Result "1-0"]
[WhiteElo "2231"]
[BlackElo "2177"]
[PlyCount "83"]
[EventDate "2001.06.24"]

1. Nf3 Nf6 2. c4 g6 3. g3 Bg7 4. Bg2 O-O 5. O-O d6 6. d4 c6 7. Nc3 Bf5 8. Ne1
e5 9. d5 cxd5 10. cxd5 Na6 11. e4 Bd7 12. Nd3 b5 13. a3 Nc5 14. Nxc5 dxc5 15.
f4 Ne8 16. fxe5 Bxe5 17. Bf4 Bd4+ 18. Kh1 f6 19. Qe2 b4 20. axb4 cxb4 21. Na4
Rc8 22. Qd2 Bxa4 23. Qxd4 Bb5 24. Rfc1 Rxc1+ 25. Rxc1 a5 26. Qc5 Qd7 27. Qb6 g5
28. Be3 a4 29. Rc5 Bd3 30. Qxb4 Nd6 31. Rc6 Nf7 32. Rxf6 Re8 33. Qd4 Bc2 34.
Bd2 Qg4 35. Bc3 Ne5 36. Rf5 a3 37. bxa3 h5 38. d6 Rb8 39. Qxe5 Rb1+ 40. Rf1
Rxf1+ 41. Bxf1 Bxe4+ 42. Kg1 1-0

[Event "C.to Italiano Semifinale"]
[Site "Limone Piemonte ITA"]
[Date "2001.06.29"]
[Round "6"]
[White "Artizzu, Giulio"]
[Black "Ausmins, Elmar"]
[Result "0-1"]
[WhiteElo "2098"]
[BlackElo "2365"]
[PlyCount "106"]
[EventDate "2001.06.24"]

1. e4 d6 2. d4 Nf6 3. Nc3 g6 4. Nf3 Bg7 5. Bc4 O-O 6. O-O Nxe4 7. Nxe4 d5 8.
Bd3 dxe4 9. Bxe4 c6 10. h3 Na6 11. c3 Nc7 12. Re1 Be6 13. Bg5 Nd5 14. Bc2 b5
15. Qd2 Qc7 16. Bh6 Rad8 17. Bxg7 Kxg7 18. Re5 Bc8 19. Rae1 f6 20. R5e2 Rf7 21.
b3 Ba6 22. Re4 Kg8 23. Bd3 Qa5 24. b4 Qa3 25. Bc2 Qxa2 26. Re6 Qc4 27. Nh4 Bc8
28. Bd3 Qxc3 29. Qxc3 Nxc3 30. Rxc6 Nd5 31. Bxb5 Nb6 32. Rc7 a6 33. Bc4 Nxc4
34. Rxc4 Bb7 35. Nf3 Bd5 36. Rc7 e6 37. Rxf7 Kxf7 38. Ra1 Bb7 39. Ra5 Rd5 40.
Rc5 Ke7 41. Rxd5 Bxd5 42. Nd2 Kd6 43. Nb1 e5 44. dxe5+ Kxe5 45. Na3 Kd4 46. b5
a5 47. f4 Kc5 48. g4 Kb4 49. Nc2+ Kxb5 50. f5 gxf5 51. Nd4+ Kc5 52. Nxf5 a4 53.
Ne3 Bb3 0-1

[Event "C.to Italiano Semifinale"]
[Site "Limone Piemonte ITA"]
[Date "2001.06.29"]
[Round "6"]
[White "Astengo, Corrado"]
[Black "Miatello, Alberto"]
[Result "1-0"]
[WhiteElo "2115"]
[BlackElo "1869"]
[PlyCount "59"]
[EventDate "2001.06.24"]

1. e4 c5 2. Nf3 e6 3. d4 cxd4 4. Nxd4 Nc6 5. Nc3 a6 6. Be3 Qc7 7. Bd3 Nf6 8. a3
b5 9. O-O Ne5 10. h3 Bc5 11. Qd2 O-O 12. f4 Nc4 13. Bxc4 bxc4 14. e5 Ne8 15.
Ne4 Ba7 16. Nf3 f5 17. Nc3 Rb8 18. Rab1 Bxe3+ 19. Qxe3 Bb7 20. Qd4 Qc6 21. Rf2
Rc8 22. Rd1 Rf7 23. Rfd2 Nc7 24. Ng5 Re7 25. Qd6 Ree8 26. Qxd7 Qb6+ 27. Kh2 h6
28. Qf7+ Kh8 29. Rd7 Rg8 30. Qg6 1-0

[Event "C.to Italiano Semifinale"]
[Site "Limone Piemonte ITA"]
[Date "2001.06.29"]
[Round "6"]
[White "Astengo, Marcello"]
[Black "Rettore, Ludwig"]
[Result "0-1"]
[WhiteElo "2024"]
[BlackElo "2134"]
[PlyCount "60"]
[EventDate "2001.06.24"]

1. d4 c5 2. c3 Nf6 3. Nf3 e6 4. Bf4 cxd4 5. cxd4 Qb6 6. Qc2 Nc6 7. Nc3 Nxd4 8.
Nxd4 Qxd4 9. e3 Qb6 10. Nb5 Bb4+ 11. Kd1 Nd5 12. Be5 O-O 13. Bd3 h6 14. Rc1 Be7
15. Qa4 d6 16. Bd4 Qd8 17. Nxa7 e5 18. Qb5 Bg4+ 19. f3 Be6 20. e4 exd4 21. exd5
Bd7 22. Qxb7 Bg5 23. Rc2 Qa5 24. Qxd7 Rxa7 25. Qxd6 Qxa2 26. f4 Qb1+ 27. Ke2
Qxh1 28. fxg5 Qxg2+ 29. Kd1 Qg1+ 30. Kd2 Qe3+ 0-1

[Event "C.to Italiano Semifinale"]
[Site "Limone Piemonte ITA"]
[Date "2001.06.29"]
[Round "6"]
[White "Barlocco, Carlo"]
[Black "Brignone, Roberto"]
[Result "1/2-1/2"]
[WhiteElo "2159"]
[BlackElo "2171"]
[PlyCount "150"]
[EventDate "2001.06.24"]

1. d4 d5 2. Nc3 Nf6 3. Bf4 e6 4. e3 Bb4 5. Nge2 Ne4 6. f3 Nxc3 7. Nxc3 c5 8. a3
Bxc3+ 9. bxc3 Nc6 10. Bd3 Qa5 11. Qd2 Bd7 12. O-O O-O-O 13. dxc5 Qxc5 14. Rfb1
e5 15. Bg3 Kb8 16. Ba6 Bc8 17. a4 h5 18. a5 Ka8 19. Bf1 h4 20. Bf2 e4 21. Rb5
Qd6 22. Rd1 exf3 23. Rxd5 Qxd5 24. Qxd5 Rxd5 25. Rxd5 fxg2 26. Bxg2 h3 27. Bf3
Be6 28. Rc5 Rc8 29. a6 Bd7 30. axb7+ Kxb7 31. Rb5+ Kc7 32. Bg3+ Kd8 33. Rb7 a6
34. Bd5 f5 35. c4 g5 36. Rb6 g4 37. Bd6 a5 38. c3 a4 39. Ra6 Ne7 40. Bf7 Nc6
41. c5 Nb8 42. Rb6 Nc6 43. Kf2 Ra8 44. Ke2 Ne7 45. Rb7 a3 46. Ba2 Ng6 47. Bg3
Nf8 48. Kd2 Ne6 49. Bd6 Nxc5 50. Bxc5 g3 51. Bd6 g2 52. Rb1 Be6 53. Bxe6 a2 54.
Ra1 Ra6 55. Bxf5 Rxd6+ 56. Ke2 Rf6 57. e4 Rb6 58. e5 Rb1 59. Rxa2 g1=Q 60. Rd2+
Ke8 61. Bxb1 Qxb1 62. Kf2 Qf5+ 63. Ke1 Qf3 64. Re2 Qxc3+ 65. Kf2 Ke7 66. e6 Qd3
67. Kf1 Qf3+ 68. Ke1 Qh1+ 69. Kd2 Qg2 70. Kd3 Qd5+ 71. Kc2 Qd4 72. Rd2 Qc4+ 73.
Kd1 Qf1+ 74. Kc2 Qe1 75. Kd3 Qxe6 1/2-1/2